00529 a2200169 450000100060000002000180000604000220002410000220004624000520006824500470012030000080016736200090017565000350018494200070021995201160022699900170034259897 a9783789135156 cAnchieta - Pituba aFisher, Catherine10aDas Orakel und das zeichen des skarabäuslpor10aDas Orakel und das zeichen des skarabäus a3840 a2007 4aLiteratura juvenil em alemão cBK 00104070a91.1b91.1d2023-11-21l0oLJ 028.543 F533d FIS ORAp11382/PITr2023-11-21 18:27:58w2023-11-21yBK c59897d59897